000 00403nam a22001697a 4500
005 20160620104207.0
008 160620b xxu||||| |||| 00| 0 eng d
020 _a978-0-07-06219-3
041 _aeng
082 _b8377
100 _aCooper, Donald R C schindler, Pamela S
_92293
245 _aBusiness Research Methods
260 _bTMH
300 _a646
650 _aManagement
_9241
942 _cBK
999 _c3213
_d3212